000 00982nam0a22002651 4500
001 rc\2813907
005 20250806210941.0
035 _a(NLR Aleph) 006939700
090 _a38408
_c38408
100 _a20110915d1945 u y0rusy50 ca
101 0 _arus
102 _aRU
105 _aa z |||||
200 1 _aИнструкция по перекраске грузовых машин в гаражно-полевых условиях
_fА. А. Латышев, В. И. Цыганов
210 _aМосква
_aЛенинград
_cГосхимиздат
_d1945
_eМосква
_gтиполит. ВАБМВ КА
215 _a46 с., включ. 2 с. обл.
_cил., черт.
_d14 см.
700 1 _aЛатышев
_bА.А.
701 1 _aЦыганов
_bВ.И.
801 0 _aRU
_bNLR
_gpsbo
801 1 _aRU
_bELAR
_2rusmarc
852 _aNLR
_jТ86 Г-2/251
942 _cBOOK
945 _aРоссийская национальная библиотека
980 _aNB
980 _aBV